000 00841nam a22002417a 4500
003 DO-SdBNP
005 20250611073818.0
007 ta
008 221017b2011 dr ||||| |||| 00| 0 spa d
040 _aDO-SdBNP
_bspa
_cBNPHU
_erda
082 4 _bR426i, 2011
_222
_axxxx
110 1 _aRepública Dominicana.
_bMinisterio de Salud Pública
_980830
245 1 0 _aIndicadores básicos de salud 2011 /
_cpresentación Bautista Rojas
260 _aSanto Domingo :
_bMinisterio Salud Pública
_bOrganización Panamericana de la Salud,
_c2011.
300 _a26 páginas
_bdiagramas, mapa
_c22 cm.
336 _2rdacontent
_atexto
_btxt
337 _2rdamedia
_asin mediación
_bn
338 _2rdacarrier
_avolumen
_bnc
590 _aInventariado, 2023/ YL
700 1 _aRojas, Bautista
_epresentación
_955080
910 _aYLockward
942 _2ddc
_cLF2
999 _c54594
_d54594